| 000 | 04802cam a2200409 i 4500 | ||
|---|---|---|---|
| 001 | 17888150 | ||
| 005 | 20170105102939.0 | ||
| 008 | 130916s2014 nyua b 001 0 eng | ||
| 010 | _a 2013021499 | ||
| 020 | _a9780415808125 (hardback) | ||
| 020 | _a9780203143957 (ebk) | ||
| 040 |
_aDLC _beng _cDLC _erda _dDLC |
||
| 042 | _apcc | ||
| 050 | 0 | 0 |
_aE744 _b.H325 2014 |
| 082 | 0 | 0 |
_a327.17 _223 _bHAL 2014 |
| 084 |
_aPOL011000 _aPOL010000 _aPOL000000 _2bisacsh |
||
| 100 | 1 | _aHall, Gregory Otha. | |
| 245 | 1 | 0 |
_aAuthority, Ascendancy, and Supremacy : _bChina, Russia, and the United States' Pursuit of Relevancy and Power / _cby Gregory O. Hall. |
| 300 |
_axxi, 188 pages : _billustrations ; _c24 cm. |
||
| 490 | 0 |
_aRoutledge Advances in International Relations and Global Politics ; _v114 |
|
| 504 | _aIncludes bibliographical references (pages 165-177) and index. | ||
| 520 | _a"Authority, Ascendancy, and Supremacy examines the American, Chinese, and Russian (Big 3) competition for power and influence in the Post-Cold War Era. With the ascension of regional powers such as India, Iran, Brazil, and Turkey, the Big 3 dynamic is an evolving one, which cannot be ignored because of its effect to not only reshape regional security, but also control influence and power in world affairs. How does one define a "global" or "regional" power in the Post-Cold War Era? How does the relationships among the Big 3 influence regional actors? Gregory O. Hall utilizes country data from primary and secondary sources to reveal that since the early 1990s, competition for influence and power among the Big 3 has intensified and could result in armed confrontation among the major powers. He assesses the state of affairs in each country's economic, resource, military, social/demographic, and political spheres. In addition, events data, which focuses on international interactions, facilitates identifying trends in Big 3 interactions as well as their concerns and affairs with regional players. Opinion data, drawn from policy makers, scholarly interviews, and survey research data, identifies foreign policy interests among the Big 3, as well non-Big 3 foreign policy behaviors.With its singular focus on American, Chinese, and Russian interactions, policy interests, and behaviors, Authority, Ascendancy, and Supremacy represents a significant contribution for understanding and managing Post-Cold War conflicts and promises to be an important book"-- | ||
| 520 | _a"Authority, Ascendancy, and Supremacy examines the American, Chinese, and Russian (Big 3) competition for power and influence in the Post-Cold War Era. With the ascension of regional powers such as India, Iran, Brazil, and Turkey, the Big 3 dynamic is an evolving one, which cannot be ignored because of its effect to not only reshape regional security, but also control influence and power in world affairs. How does one define a "global" or "regional" power in the Post-Cold War Era? How does the relationships among the Big 3 influence regional actors? Gregory O. Hall utilizes country data from primary and secondary sources to reveal that since the early 1990s, competition for influence and power among the Big 3 has intensified and could result in armed confrontation among the major powers. He assesses the state of affairs in each country's economic, resource, military, social/demographic, and political spheres. In addition, events data, which focuses on international interactions, facilitates identifying trends in Big 3 interactions as well as their concerns and affairs with regional players. Opinion data, drawn from policy makers, scholarly interviews, and survey research data, identifies foreign policy interests among the Big 3, as well non-Big 3 foreign policy behaviors. With its singular focus on American, Chinese, and Russian interactions, policy interests, and behaviors, Authority, Ascendancy, and Supremacy represents a significant contribution for understanding and managing Post-Cold War conflicts and promises to be an important book"-- | ||
| 650 | 0 | _aHegemony. | |
| 650 | 0 | _aInternational cooperation. | |
| 650 | 0 |
_aWorld politics _y1989- |
|
| 650 | 7 |
_aPOLITICAL SCIENCE / International Relations / General. _2bisacsh |
|
| 650 | 7 |
_aPOLITICAL SCIENCE / History & Theory. _2bisacsh |
|
| 650 | 7 |
_aPOLITICAL SCIENCE / General. _2bisacsh |
|
| 651 | 0 |
_aUnited States _xForeign relations. |
|
| 651 | 0 |
_aChina _xForeign relations. |
|
| 651 | 0 |
_aRussia (Federation) _xForeign relations. |
|
| 856 | 4 | 2 |
_3Cover image _uhttp://images.tandf.co.uk/common/jackets/websmall/978041580/9780415808125.jpg |
| 906 |
_a7 _bcbc _corignew _d1 _eecip _f20 _gy-gencatlg |
||
| 942 |
_2ddc _cBK |
||
| 999 |
_c16420 _d16420 |
||